<?xml version="1.0" encoding="UTF-8"?>
<collection xmlns="http://www.loc.gov/MARC21/slim">
<record>
  <controlfield tag="001">164686</controlfield>
  <controlfield tag="005">20251203145553.0</controlfield>
  <datafield tag="037" ind1=" " ind2=" ">
    <subfield code="a">TAZ-TFG-2025-3388</subfield>
  </datafield>
  <datafield tag="041" ind1=" " ind2=" ">
    <subfield code="a">spa</subfield>
  </datafield>
  <datafield tag="100" ind1="1" ind2=" ">
    <subfield code="a">García Salomón, Jesús Gabriel</subfield>
  </datafield>
  <datafield tag="242" ind1="0" ind2="0">
    <subfield code="a">Cybersecurity in Cloud Environments: Protection Strategies and Secure Data Transfer</subfield>
  </datafield>
  <datafield tag="245" ind1="0" ind2="0">
    <subfield code="a">Ciberseguridad en entornos Cloud: estrategias de protección y transferencia segura de datos</subfield>
  </datafield>
  <datafield tag="260" ind1=" " ind2=" ">
    <subfield code="a">Zaragoza</subfield>
    <subfield code="b">Universidad de Zaragoza</subfield>
    <subfield code="c">2025</subfield>
  </datafield>
  <datafield tag="506" ind1=" " ind2=" ">
    <subfield code="a">by-nc-sa</subfield>
    <subfield code="b">Creative Commons</subfield>
    <subfield code="c">3.0</subfield>
    <subfield code="u">http://creativecommons.org/licenses/by-nc-sa/3.0/</subfield>
  </datafield>
  <datafield tag="520" ind1=" " ind2=" ">
    <subfield code="a">Con el presente Trabajo de Fin de Grado se tiene como principal&lt;br />objetivo el desarrollo del análisis sobre las vulnerabilidades más comunes&lt;br />presentes en entornos cloud debido a una mala configuración de los&lt;br />servicios que estas ofrecen, en esta ocasión estara centrado en la&lt;br />plataforma Amazon Web Services (AWS).Los servicios en la nube ofrecen&lt;br />numerosas ventajas, como son la escalabilidad y la accesibilidad de los&lt;br />datos, pero a su vez abre las puertas a posibles nuevas brechas de&lt;br />seguridad que pueden ser aprovechadas por atacantes si no se configuran&lt;br />adecuadamente estos recursos.&lt;br />Durante el desarrollo del proyecto se han empleado distintos&lt;br />servicios como EC2, S3, RDS, DynamoDB y VPC para simular una&lt;br />infraestructura real. A través de pruebas controladas y simuladas se han&lt;br />reproducido escenarios con configuraciones deficientes que exponen&lt;br />datos sensibles o permiten accesos no autorizados. Para el análisis de&lt;br />estas vulnerabilidades se han utilizado herramientas como Wireshark,&lt;br />SQLMap, Nmap y HashCat, con estas herramientas se ha podido&lt;br />demostrar diferentes amenazas como son la interceptación de datos,&lt;br />ataques de inyección SQL o la recuperación de contraseñas débiles.&lt;br />Con los resultados obtenidos en estas pruebas se pondrán de&lt;br />manifiesto la facilidad con la que un atacante puede explotar una mala&lt;br />práctica de configuración de un servicio en la nube, y con ello&lt;br />comprometer tanto la integridad como la confidencialidad de los datos.&lt;br />Asimismo, se procederá a detallar estrategias necesarias para para&lt;br />para poder mitigar estos riesgos, como es el cifrado de datos tanto en&lt;br />tránsito como en reposo, el uso de políticas de acceso adecuadas, y la&lt;br />monitorización continua de la infraestructura.&lt;br />En conclusión, el presente Trabajo de Fin de Grado destaca la&lt;br />importancia de una correcta configuración y gestión de los servicios cloud&lt;br />como factor clave para garantizar la seguridad en entornos virtuales, y&lt;br />proporciona un conjunto de buenas prácticas y recomendaciones&lt;br />aplicables en entornos reales.&lt;br />&lt;br /></subfield>
  </datafield>
  <datafield tag="521" ind1=" " ind2=" ">
    <subfield code="a">Graduado en Ingeniería de Datos en Procesos Industriales</subfield>
  </datafield>
  <datafield tag="540" ind1=" " ind2=" ">
    <subfield code="a">Derechos regulados por licencia Creative Commons</subfield>
  </datafield>
  <datafield tag="856" ind1="0" ind2=" ">
    <subfield code="f">817509@celes.unizar.es</subfield>
  </datafield>
  <datafield tag="856" ind1="4" ind2=" ">
    <subfield code="s">5674297</subfield>
    <subfield code="u">http://zaguan.unizar.es/record/164686/files/TAZ-TFG-2025-3388.pdf</subfield>
    <subfield code="y">Memoria (spa)</subfield>
  </datafield>
  <datafield tag="856" ind1="4" ind2=" ">
    <subfield code="s">683161</subfield>
    <subfield code="u">http://zaguan.unizar.es/record/164686/files/TAZ-TFG-2025-3388_ANE.pdf</subfield>
    <subfield code="y">Anexos (spa)</subfield>
  </datafield>
  <datafield tag="909" ind1="C" ind2="O">
    <subfield code="o">oai:zaguan.unizar.es:164686</subfield>
    <subfield code="p">driver</subfield>
    <subfield code="p">trabajos-fin-grado</subfield>
  </datafield>
  <datafield tag="950" ind1=" " ind2=" ">
    <subfield code="a"></subfield>
  </datafield>
  <datafield tag="691" ind1=" " ind2=" ">
    <subfield code="a">0</subfield>
  </datafield>
  <datafield tag="692" ind1=" " ind2=" ">
    <subfield code="a"></subfield>
  </datafield>
  <datafield tag="700" ind1=" " ind2=" ">
    <subfield code="a">Peris Millán, Eduardo</subfield>
    <subfield code="e">dir.</subfield>
  </datafield>
  <datafield tag="710" ind1="2" ind2=" ">
    <subfield code="a">Universidad de Zaragoza</subfield>
    <subfield code="b"> </subfield>
    <subfield code="c"></subfield>
  </datafield>
  <datafield tag="720" ind1="2" ind2=" ">
    <subfield code="a">Peris Millán, Eduardo</subfield>
    <subfield code="e">ponente</subfield>
  </datafield>
  <datafield tag="980" ind1=" " ind2=" ">
    <subfield code="a">TAZ</subfield>
    <subfield code="b">TFG</subfield>
    <subfield code="c">ALM</subfield>
  </datafield>
  <datafield tag="999" ind1=" " ind2=" ">
    <subfield code="a">20250702220635.CREATION_DATE</subfield>
  </datafield>
  <datafield tag="951" ind1=" " ind2=" ">
    <subfield code="a">deposita:2025-12-03</subfield>
  </datafield>
</record>
</collection>